| 000 | 00597nam a2200145 a 4500 | ||
|---|---|---|---|
| 008 | 151208s2005 ||||||||||||||||| || u | ||
| 020 | _a9788180615450 | ||
| 050 | _aR 834.5 Ini | ||
| 100 | _aInian, Anbin R | ||
| 245 | 1 | 0 |
_aTips and tricks for plab 1 _cBy Anbin R. Inian |
| 260 |
_aNew Delhi _bJaypee Brothers Medical publishers _c2005 |
||
| 300 | _axiv, 160p.: | ||
| 650 | _aMEDICINE--EXAMINATIONS, QUESTIONS, ETC | ||
| 995 |
_aMEDICAL LIBRARY OPEN ACCESS _e903231 _FCBU-SCHOOL OF MEDICINE LIBRARY (Ndola) _I2.50 _jR 834.5 Ini _M1 _UAVAILABLE _WDec 16, 2015 _y903231 _ZMedical Library Open Access Collection |
||
| 999 |
_c32914 _d32914 |
||